000 00802nam a2200253Ia 4500
003 GCL
008 140319s9999 xx 000 0 ara d
040 _aGCL /
_cGCL
082 0 4 _aق
_b338.4791
_bم س
100 1 _aمحيا زيتون
245 1 0 _aالسياحة ومستقبل مصر :
_bبين امكانات التنمية ومخاطر الهدر /
_cمحيا زيتون
250 _aالاول
260 _aالقاهرة :
_bدار الشرق ،
_c2002
300 _a490 ص ؛
_c24 سم
490 _a
650 0 4 _aالاسلام
650 0 4 _aتفاسير
650 0 4 _aالسياحة والدولة
650 0 4 _aالقران
650 0 4 _aصناعة السياحة
650 0 4 _aالسياحة - مصر
650 0 4 _aالسياحة - اقتصاديات
942 _2ddc
_cBK
999 _c52911
_d52911